Quizzes
Events
Quiz Creation
Community
Videos
Private Events
Remove Ads
Sign In
Join for FREE
Feedback
Dark Mode
Quiz Categories
Sports
Geography
Music
Movies
Television
Just For Fun
Miscellaneous
History
Literature
Language
Science
Gaming
Entertainment
Religion
Holiday
For Kids
Quiz Lab
Recent
Popular Today
Quiz Kudos Today
Editor Picks
Curator Picks
Quizzes by...
Day
Popularity
Type
Ratings
Length
Year
Community
Subscriptions
Recent Discussions
Orange Saloon
Badges
Playlists
Quests
Create
Leaderboards
Showdown
Live 5
Trivia Bingo
Activity
Puzzle Library
Sporcle Events
Private Events
Virtual Trivia
Globe League
Become a Host
Pub Owners
SporcleCon
Opinionation
Our Games
Videos
Blog
Mobile Apps
Partnerships
Remove Ads and Go Orange
Feedback
Music
Pop Music
The Beatles
Song
Album
Lyrics
Bands
Singers
Artist
Clip
Rock
Rap
Classical
Billboard
Country Music
Kpop
Taylor Swift
Music
Pop Music
The Beatles
Song
Album
Lyrics
Bands
Singers
Artist
Clip
Rock
Rap
Classical
Billboard
Country Music
Kpop
Taylor Swift
Random Quiz
Search Sporcle
×
Quiz Lab
Quiz Lab
Music
Kpop
Type in answers that appear in a list
Type in answers that appear in a list
Classic
Best Score? Go Orange.
[audio] most listened kpop songs of september '19 Stats
Top 50
By
chajun
15m
50 Questions
228 Plays
228 Plays
228 Plays
Comments
Comments
Give Quiz Kudos
Give Quiz Kudos
-
- Ratings
hide this ad
Forced Order
Answers have to be entered in order
Answers have to be entered in order
Replay
Link that replays current quiz
Next Quiz
Link to next quiz in quiz playlist
You Got
0%
They Got
Avg Score
59%
Avg Friend Score
Upgrade to see
Score Distribution
Jump to the score distribution portion of the page
Score
0/50
Timer
15:00
0
Plays Today
#
song
% Correct
50.
day6 - shoot me
96.5%
48.
wanna one - energetic
95.2%
34.
twice - fancy
89%
39.
itzy - dalla dalla
87.3%
24.
ikon - love scenario
83.8%
15.
twice - what is love?
83.8%
23.
stray kids - hellevator
82.5%
20.
stray kids - miroh
82%
19.
itzy - icy
82%
46.
nu'est w - where you at
81.6%
4.
minhyun - universe
78.5%
37.
f(x) - 4 walls
75.9%
9.
everglow - adios
75.9%
40.
sunmi - heroine
74.1%
11.
sunmi - lalalay
73.7%
2.
seventeen - hit
71.5%
10.
nu'est - face
69.7%
1.
x1 - flash
68%
33.
gugudan - not that type
66.7%
17.
nu'est - bet bet
66.2%
36.
up10tion - blue rose
65.8%
5.
uniq - eoeo
64.9%
42.
vav - give me more
64.5%
45.
x1 - move
63.6%
30.
sf9 - now or never
63.2%
#
song
% Correct
41.
sixc (produce x 101) - move
61.8%
44.
shinee - i want you
59.6%
29.
shinee - tell me what to do
58.8%
38.
got u (produce x 101) - u got it
57.9%
16.
b.a.p - honeymoon
57.5%
21.
x1 - u got it
56.1%
49.
nu'est - love paint (every afternoon)
55.7%
26.
a.c.e - cactus
55.7%
32.
seventeen - fear
54.8%
6.
woodz - different
54.4%
47.
seventeen - crazy in love
53.5%
3.
clc - devil
51.8%
22.
a.c.e - callin'
49.1%
18.
yuri - into you
42.5%
31.
key - one of those nights (feat. crush)
39%
28.
infinite - the chaser
36.8%
27.
dia - woowa
35.1%
13.
victon - i'm fine
30.3%
25.
loona / heejin - vivid
26.8%
35.
seventeen - back it up
21.5%
43.
exo - oasis
21.1%
14.
x1 - like always
21.1%
8.
up10tion - your gravity
17.5%
12.
d1ce - wake up
14%
7.
nu'est - segno
13.6%
Quiz Playlist
Details
Report
Send in Message
Add To Playlist
Classic:
Type in answers that appear in a list
Forced Order:
Answers have to be entered in order
Last Updated: Sep 30, 2019
Quiz Scoreboard
CHALLENGE
Sign Up to Join the Scoreboard
Show All
Scores
Hide
Comments
May contain spoilers
Recently Published
Movies - When Are They Set?
by FPL_Elf
Movies
5m
Popular People in 1961
by mucciniale
History
6m
1-10 Letter E Words III
by El_Dandy
Language
2m
More to Explore
Quiz From the Vault
Featured Blog Post
Where Did the Easter Bunny Come From?
hide this ad
You Might Also Like...
Tags
Kpop Quiz
Exo
Itzy
Kpop Audio
Kpop Group
Kpop Idol
Kpop Quiz
Kpop Songs
Nu'est
Stray Kids
Twice
Today's Top Quizzes in Music
Browse Music
hide this ad
Today's Top Quizzes in Kpop
Browse Kpop
Top Contributed Quizzes in Music
1
Taylor Swift All Songs (2024)
2
2010s Album by Cover III
3
One Thing in Common: Music
4
Guess the Artist- 70s Songs
5
Taylor Swift Logic Puzzle
6
Guess the Taylor Swift song (Mystery Song)
7
2010s Album by Cover IV
8
2010s Album by Cover V
9
KPOP LOGIC QUIZ
10
2010s Album by Cover VI
Explore More
Trending Topics
Disney
Kpop
NBA
Marvel
Harry Potter
Crossword
Anime
WWE
Soccer
Puzzle
Song
NFL
Pokémon
The Office
Country
hide this ad
More By:
chajun
Quiz
Plays
Rating
Category
Featured
Created
guess the kpop visuals by their voice !
326
4.60
Music
Dec 20, 2019
[audio] kpop songs by first 10 seconds I
310
4.63
Music
Mar 17, 2020
my kpop favorites !!
308
4.50
Music
Feb 15, 2020
[audio] all time favorite title tracks
303
4.00
Music
Feb 5, 2020
[audio] kpop songs by first 10 seconds II
234
4.33
Music
Mar 19, 2020
Go to Creator's Profile
Score Distribution
Quiz Creator Spotlight
chajun
Follow
Send a Message
Quizzes Created
-
Created Quiz Play Count
-
More By This Creator
Popular Quizzes Today
1
Find the Countries of Europe - No Outlines Minefield
2
Find the US States - No Outlines Minefield
3
The Countries of the World
4
Popular People in 1961
5
US States
6
1-10 Letter E Words III
7
Find the US States
8
One Thing in Common: World Cities II
More Music Quizzes
Worst. Lyrics. Ever.
Curator's Pick
Trending Quizzes
Risky Map Clicking: Least Populous States A-Z
1-10 Letter F Words
1-10 Letter G Words
One Thing in Common: United Kingdom
Risky Map Clicking: Next State Alphabetically
Recently Updated
Leaping Animals
pecheneg
Reality TV Shows (A-Z)
bhenderson79
Rickey Henderson's Hall of Fame Teammates
pecheneg
Champions League XIs: Arsenal
pecheneg
Quick Pick: Celebrities in WWE's Hall of Fame
aduchscher
A-Z Keypad Blitz II
pecheneg
Multiple Oscar Actors
pecheneg
Mystery Phrase Blitz: Oscar 'Best Actors'
pecheneg
F. Scott Fitzgerald Novels
LTH
Pick 3 Villains
ddd62291
Trending Topics
Marvel
Crossword
Anime
Disney
Harry Potter
NBA
Kpop
Pokémon
The Office
Song
WWE
Country
Puzzle
Soccer
NFL
Your Account Isn't Verified!
In order to create a playlist on Sporcle, you need to verify the email address you used during registration. Go to your
Sporcle Settings
to finish the process.
Report this User
Report this user for behavior that violates our
Community Guidelines
.
Details:
Send Report
Go to the Sporcle.com Mobile Site →
Comments